Strategické řízení

Gespeichert in:
Bibliographische Detailangaben
1. Verfasser: Souček, Zdeněk
Format: Buch
Sprache:Tschechisch
Veröffentlicht: Praha Stát. nakl. techn. lit. 1986
Ausgabe:1. vyd.
Tags: Tag hinzufügen
Keine Tags, Fügen Sie das erste Tag hinzu!

MARC

LEADER 00000nam a2200000 4500
001 c035263
005 20221220072930.3
041 0 |a cze 
044 |a CZ 
245 1 0 |a Strategické řízení  |c Zdeněk Souček a kol. 
250 |a 1. vyd. 
264 1 |a Praha  |b Stát. nakl. techn. lit.  |c 1986 
300 |a 230 s. 
100 1 |a Souček, Zdeněk